Αναπαραγωγή του πληθυσμού : θεωρητικές προσεγγίσεις και εμπειρικές έρευνες

Αποθηκεύτηκε σε:
Λεπτομέρειες βιβλιογραφικής εγγραφής
Κύριος συγγραφέας: Κυριαζή, Νότα
Μορφή: Βιβλίο
Γλώσσα:Greek
Δημοσίευση: Αθήνα : Gutenberg, 1992.
Σειρά:Κοινωνιολογική και ανθρωπολογική βιβλιοθήκη ; 33
Θέματα:
Ετικέτες: Προσθήκη ετικέτας
Δεν υπάρχουν, Καταχωρήστε ετικέτα πρώτοι!

MARC

LEADER 00000cam a2200000 i 4500
001 1/74132
008 950320s1992 gr | ||| |||| ||gre||
020 |a 9600103623 
035 |l 10031712 
040 |a GR-MY-UA  |b gre  |e aacr 
041 0 |a gre 
082 7 |a 304.63   |2 (22) 
100 1 |a Κυριαζή, Νότα. 
245 1 0 |a Αναπαραγωγή του πληθυσμού :   |b θεωρητικές προσεγγίσεις και εμπειρικές έρευνες /   |c Νότα Κυριαζή.  
260 |a Αθήνα :   |b Gutenberg,   |c 1992.  
300 |a 232 σ. :   |b πιν. ;   |c 24 εκ.  
490 1 |a (Κοινωνιολογική και ανθρωπολογική βιβλιοθήκη ;   |v  33) 
504 |a Βιβλιογραφία: σ.201-223. Περιέχει ευρετήριο. 
650 0 0 |a Population. 
651 0 |a Greece  |x Population. 
830 0 |a Κοινωνιολογική και ανθρωπολογική βιβλιοθήκη  |v  ; 33 
852 |a INST  |b LESVOS  |e 19950320  |h 304.6 ΚΥΡ  |p 005100002235  |q 005100002235  |t BK  |y 0 
852 |a INST  |b LESVOS  |e 19980129  |h 304.6 ΚΥΡ  |p 005100002910  |q 005100002910  |t BK  |y 0 
852 |a INST  |b RHODES  |e 19980610  |h 304.63 ΚΥΡ  |p 005400006548  |q 005400006548  |t BK  |y 0 
901 |a BIBL-1998-2 
909 |a Ρ  |b 051768 
909 |a Λ  |b 036746 
909 |a Λ  |b 026288 
922 |a 4ΕΛΗ  |b 199711  |c Βιτσιλάκη  |d Emvasis 
922 |a 1ΕΛΗ  |b 199303  |c 3125 
970 |z 20/03/1995